Cuento de abril
Spremljeno u:
| Glavni autor: | |
|---|---|
| Format: | Knjiga |
| Jezik: | španjolski |
| Izdano: |
Madrid
Artes de la Ilustración
1922
|
| Teme: | |
| Oznake: |
Dodaj oznaku
Bez oznaka, Budi prvi tko označuje ovaj zapis!
|
MARC
| LEADER | 00000nam a2200000 a 4500 | ||
|---|---|---|---|
| 001 | UCZ3149 | ||
| 003 | CL-VaPUC | ||
| 008 | 951020e19220000SP |||||||||||||||||spa|d | ||
| 082 | 0 | 4 | |a 862 |b VAL |2 21 |
| 100 | 0 | |a Valle Inclán, Ramón del |e author |9 315482 | |
| 245 | 1 | 0 | |a Cuento de abril |
| 300 | |a 123 p | ||
| 942 | |c BK | ||
| 945 | |d 19951020 00:00:00 |a rbrito | ||
| 260 | |a Madrid |b Artes de la Ilustración |c 1922 | ||
| 650 | 0 | |a Drama español |9 265098 | |
| 583 | |a last modification |c 19951020 00:00:00 |k Rodrigo Vera | ||
| 999 | |c 239662 |d 239660 | ||
| 952 | |0 0 |1 0 |4 0 |6 862_000000000000000_VAL_1922 |7 0 |8 A |9 250959 |a BIBEDU |b BIBEDU |d 2019-11-18 |i 3141985 |o 862 VAL 1922 |p 3141985 |r 2019-11-18 |w 2019-11-18 |y BK |k LIT | ||